| 000 | 00670cam a2200229 4500 | ||
|---|---|---|---|
| 999 |
_c5875 _d5875 |
||
| 001 | 4109661 | ||
| 003 | GBCCL | ||
| 005 | 20241126110551.0 | ||
| 008 | 701016s1970 nyu 000 1 eng | ||
| 010 | _a 75126443 | ||
| 040 |
_aDLC _cDLC _dDLC |
||
| 050 | 0 | 0 |
_aPZ3.H364 _bIad _aPS3515.E288 |
| 082 | 0 | 0 |
_a813.54 _bHEI |
| 100 | 1 |
_aHeinlein, Robert A. _q(Robert Anson), _d1907-1988. _910627 |
|
| 245 | 1 | 0 |
_aI will fear no evil / _cRobert A. Heinlein. |
| 260 |
_aNew York: _bG. P. Putnam's Sons, _c1970 |
||
| 300 |
_a401 p. _c22 cm. |
||
| 350 | _a6.95 | ||
| 650 |
_aFiction _vScience _xGeneral _910628 |
||
| 906 |
_a7 _bcbc _corignew _d2 _encip _f19 _gy-gencatlg |
||
| 942 |
_2ddc _cBK |
||